000 00908nam a22002531u 4500
001 05773
003 HDC
007 cr bn ---
008 210121p2007 |o d 00 engg
040 _aHDC
100 _aThorpe, Sally
_eauthor
_96095
245 0 _aBarriers to ASEAN meat exports economic impacts of disease outbreaks and policy responses / by
_cSally Thorpe, Suthida Warr and Neil Andrews
260 _a[No Place] :
_b[publisher not identified],
_c2007
300 _a64 pages
336 _atext
_2rdacontent
337 _acomputer
_2rdamedia
338 _aonline resource
_2rdacarrier
650 _aeconomic impact
_96097
650 _aMeat exports
_96096
856 _zRequest full-text at [email protected]
942 _2lcc
942 _cEIS
942 _kREPT 000196
999 _c3097
_d3097